<The> diplomat's dictionary

Na minha lista:
Detalhes bibliográficos
Autor principal: Freeman, Chas. W. jr
Formato: Livro
Idioma:inglês
Publicado em: Washington United States Institute of Peace Press 2010
Edição:2nd ed.
Assuntos:
Tags: Adicionar Tag
Sem tags, seja o primeiro a adicionar uma tag!

MARC

LEADER 00000nam a2200000 4500
001 0143250
005 20240315115158.2
020 |a 978-1-60127-050-4 
020 |a 1-60127-050-X 
041 0 |a eng 
044 |a US 
245 1 0 |a <The> diplomat's dictionary  |c Chas. W. Freeman 
250 |a 2nd ed. 
264 1 |a Washington  |b United States Institute of Peace Press  |c 2010 
300 |a 338 s. 
610 2 0 |a diplomacia 
610 2 0 |a diplomati 
610 2 0 |a terminológia 
610 2 0 |a vzťahy medzinárodné 
610 2 0 |a politika medzinárodná 
610 2 0 |a právo medzinárodné 
100 1 |a Freeman, Chas. W. jr.